000 00496nam a2200169Ia 4500
999 _c7320
_d7320
003 OSt
005 20200125100207.0
008 190216s9999||||xx |||||||||||||| ||und||
020 _a9788131505939
040 _coclc
082 _a658.402
_bSIN/E
100 _aSingla, Ashim Raj
_91463
245 0 _aEnterprise Resource Planning /
_cAshim Raj Singla
260 _bCengage Learning,
_aNew Delhi:
_c2008.
300 _a288p
942 _cBK
_2ddc
_h658.402
_iSIN/E
_k658.402
_mSIN/E